La platería de la Catedral de Santo Domingo, primada de América / (Record no. 19221)

MARC details
000 -LEADER
campo de control de longitud fija 01420cam a2200337 a 4500
001 - NÚMERO DE CONTROL
campo de control 38846
005 - FECHA Y HORA DE LA ÚLTIMA TRANSACCIÓN
campo de control 20230410102117.0
008 - DATOS DE LONGITUD FIJA--INFORMACIÓN GENERAL
campo de control de longitud fija 940503s1993 sp a bc 000 0 spa
010 ## - NÚMERO DE CONTROL DE LA BIBLIOTECA DEL CONGRESO
Número de control de LC 94153050
035 ## - NÚMERO DE CONTROL DEL SISTEMA
Número de control de sistema (OCoLC)ocm30739394
040 ## - FUENTE DE CATALOGACIÓN
Centro catalogador/agencia de origen DLC
Centro/agencia transcriptor DLC
Centro/agencia modificador PL#
-- DRFGD
020 ## - NÚMERO INTERNACIONAL ESTÁNDAR DEL LIBRO
Número Internacional Estándar del Libro 8479521147
020 ## - NÚMERO INTERNACIONAL ESTÁNDAR DEL LIBRO
Número Internacional Estándar del Libro 9788479521141
043 ## - CÓDIGO DE ÁREA GEOGRÁFICA
Código de área geográfica nwdr---
050 14 - SIGNATURA TOPOGRÁFICA DE LA BIBLIOTECA DEL CONGRESO
Número de clasificación 118 NK 1655
Número de ítem C957p 1993
100 1# - ENTRADA PRINCIPAL--NOMBRE DE PERSONA
Nombre de persona Cruz Valdovinos, José Manuel,
Fechas asociadas al nombre 1943-
245 13 - MENCIÓN DEL TÍTULO
Título La platería de la Catedral de Santo Domingo, primada de América /
Mención de responsabilidad, etc. José Manuel Cruz Valdovinos, Andrés Escalera Ureña ; Eugenio Pérez Montás, editor.
260 ## - PUBLICACIÓN, DISTRIBUCIÓN, ETC.
Lugar de publicación, distribución, etc. [Madrid?] :
Nombre del editor, distribuidor, etc. Tabapress ; Santo Domingo :
-- :
-- Museo de las Casas Reales,
Fecha de publicación, distribución, etc. c1993.
300 ## - DESCRIPCIÓN FÍSICA
Extensión 332 p. :
Otras características físicas col. ill. ;
Dimensiones 29 cm.
440 #0 - MENCIÓN DE SERIE/PUNTO DE ACCESO ADICIONAL--TÍTULO
Título Colección Quinto centenario.
Nombre de parte o sección de la obra Serie Catedral primada
504 ## - NOTA DE BIBLIOGRAFÍA, ETC.
Nota de bibliografía, etc. Includes bibliographical references (p. 331-332).
610 20 - PUNTO DE ACCESO ADICIONAL DE MATERIA--NOMBRE DE ENTIDAD CORPORATIVA
Nombre de entidad corporativa o nombre de jurisdicción como elemento de entrada Catholic Church
Subdivisión general Liturgical objects
Subdivisión geográfica Dominican Republic
-- Santo Domingo
Subdivisión de forma Catalogs.
650 #0 - PUNTO DE ACCESO ADICIONAL DE MATERIA--TÉRMINO DE MATERIA
Término de materia o nombre geográfico como elemento de entrada Church plate
Subdivisión geográfica Dominican Republic
-- Santo Domingo
Subdivisión de forma Catalogs.
650 #0 - PUNTO DE ACCESO ADICIONAL DE MATERIA--TÉRMINO DE MATERIA
Término de materia o nombre geográfico como elemento de entrada Jewelry
Subdivisión geográfica Dominican Republic
-- Santo Domingo
Subdivisión de forma Catalogs.
610 20 - PUNTO DE ACCESO ADICIONAL DE MATERIA--NOMBRE DE ENTIDAD CORPORATIVA
Nombre de entidad corporativa o nombre de jurisdicción como elemento de entrada Catedral de Santo Domingo (Dominican Republic)
Subdivisión de forma Catalogs.
653 ## - TÉRMINO DE INDIZACIÓN--NO CONTROLADO
Término no controlado Platería (arte)
-- Catedral Sto. Domingo (América
-- Historia
-- 1511/1993.
700 1# - ENTRADA AGREGADA--NOMBRE PERSONAL
Nombre de persona Escalera Ureña, Andrés.
700 1# - ENTRADA AGREGADA--NOMBRE PERSONAL
Nombre de persona Pérez Montás, Eugenio.
942 ## - ELEMENTOS DE ENTRADA SECUNDARIOS (KOHA)
Fuente del sistema de clasificación o colocación Clasificación de Library of Congress
Tipo de ítem Koha
994 ## -
-- C0
-- DRFGD
Holdings
Estatus retirado Estado de pérdida Fuente del sistema de clasificación o colocación Estado de daño No para préstamo Colección Biblioteca de origen Biblioteca actual Ubicación en estantería Fecha de adquisición Serial enumeration / chronology Signatura topográfica completa Código de barras Visto por última vez Copia número Tipo de ítem Koha
    Clasificación de Library of Congress     Recursos Regionales Biblioteca Juan Bosch Biblioteca Juan Bosch Recursos Regionales (2do. Piso) 10/04/2023 1 118 NK 1655 C957p 1993 00000003205 23/10/2018 1